000 00616nam a22001817a 4500
005 20251108172538.0
008 250721s9999 xx 000 0 ara d
082 1 4 _aم/929.3563/حسي
100 1 _aحسيني، فتحي عبدالقادر سلطان الصيداوي الرفاعي
245 1 0 _aتاريخ وبيوتات آل البيت في بلاد الرافدين /
264 1 _aبيروت :
_bدار المحبة البيضاء،
300 _a544 ص.
650 1 7 _aبلاد ما بين النهرين
650 1 7 _aآل البيت
650 1 7 _aالعراق
942 _2ddc
_cREF
999 _c82121
_d82121